Statistics for Most and Least Peaceful Countries by Continent

Click here to take the quiz!

General Stats

  • This quiz has been taken 39 times
  • The average score is 34 of 56

Answer Stats

ContinentRankAnswer% Correct
North America (✔︎)12Canada
93%
Europe (✘)160Russia
93%
North America (✘)129United States
93%
South America (✘)130Brazil
85%
South America (✘)144Colombia
85%
Europe (✘)153Ukraine
85%
South America (✘)148Venezuela
85%
Oceania (✘)27Australia
81%
Oceania (✔︎)27Australia
81%
South America (✔︎)55Chile
81%
North America (✘)137Mexico
81%
South America (✔︎)69Argentina
78%
South America (✔︎)79Ecuador
78%
South America (✘)101Peru
78%
Europe (✔︎)4Denmark
74%
Oceania (✔︎)2New Zealand
74%
Oceania (✘)2New Zealand
74%
North America (✔︎)38Costa Rica
70%
Europe (✔︎)1Iceland
70%
Asia (✔︎)10Japan
70%
North America (✔︎)61Panama
70%
Africa (✘)156Somalia
70%
South America (✔︎)46Uruguay
70%
Asia (✘)163Afghanistan
67%
North America (✘)117Honduras
67%
South America (✔︎)77Paraguay
67%
Africa (✘)159South Sudan
67%
Europe (✘)116Belarus
63%
South America (✘)107Guyana
63%
Europe (✔︎)3Ireland
63%
North America (✘)124Nicaragua
63%
Oceania (✔︎)94Papua New Guinea
63%
Oceania (✘)94Papua New Guinea
63%
Asia (✘)162Yemen
63%
North America (✘)114El Salvador
59%
Asia (✘)157Iraq
59%
Africa (✘)154Sudan
59%
Asia (✘)161Syria
59%
North America (✔︎)81Dominican Republic
56%
North America (✔︎)81Jamaica
56%
Africa (✔︎)28Mauritius
56%
Asia (✘)157North Korea
52%
Africa (✘)158Democratic Republic of the Congo
48%
Europe (✔︎)6Portugal
48%
Asia (✔︎)9Singapore
48%
Europe (✔︎)5Austria
41%
Africa (✘)155Central African Republic
41%
Europe (✘)65 | 67France
41%
Africa (✔︎)40Ghana
37%
Africa (✔︎)48Botswana
30%
Europe (✘)71Kosovo
30%
Asia (✔︎)19Bhutan
26%
Asia (✔︎)23Qatar
26%
Africa (✔︎)50Sierra Leone
15%
Africa (✔︎)45The Gambia
15%
Asia (✔︎)18Malaysia
11%

Score Distribution

Percentile by Number Answered

Percent of People with Each Score

Your Score History

You have not taken this quiz